00895 2200289 4500001002100000005001500021035002000036007000300056008004100059020002200100082001500122084001700137245011100154300004300265650003200308264003700340336002100377337003000398338002300428040002200451090002200473850001200495999002200507100003100529700002300560990002200583INLIS00000000089897320250819101622 a0010-0825000407ta211004s2021 yoia a | ara d a978-623-7661-52-804223a372.62 a372.62 FAH w10aWipe & clean flashcard mengenal & menebalkan huruf & angka hijaiyah /cFahmi Kurniawan; penyunting, Aditya a33 kartu :bilustrasi, gambar ;c15 cm 4aMenulis--xPendidikan dasar31aSleman :bChecklist Media,c2021 2rdacontentateks 2rdamediaatanpa perantara 2rdacarrieravolume aYOPDYOGbinderda aCB-D.11 2021-4871 aYOPDYOG aCB-D.11/2021-48710 aFahmi KurniawanePengarang0 aAdityaePenyunting aCB-D.11/2021-4871